<?xml version="1.0" encoding="UTF-8"?>
<record
    xmlns:xsi="http://www.w3.org/2001/XMLSchema-instance"
    xsi:schemaLocation="http://www.loc.gov/MARC21/slim http://www.loc.gov/standards/marcxml/schema/MARC21slim.xsd"
    xmlns="http://www.loc.gov/MARC21/slim">

  <leader>02252nam a2200433Ic 4500</leader>
  <controlfield tag="001">59500</controlfield>
  <controlfield tag="003">CO-BoRNBP</controlfield>
  <controlfield tag="005">20251021213155.0</controlfield>
  <controlfield tag="007">ta</controlfield>
  <controlfield tag="008">210812r20162022ck ao  er     001 0dspa d</controlfield>
  <datafield tag="020" ind1=" " ind2=" ">
    <subfield code="a">9584251384</subfield>
  </datafield>
  <datafield tag="020" ind1=" " ind2=" ">
    <subfield code="a">9789584251381</subfield>
  </datafield>
  <datafield tag="040" ind1=" " ind2=" ">
    <subfield code="a">CO-BoRNBP</subfield>
    <subfield code="b">spa</subfield>
    <subfield code="e">rda</subfield>
    <subfield code="c">CO-BoRNBP</subfield>
  </datafield>
  <datafield tag="041" ind1="1" ind2=" ">
    <subfield code="a">spa</subfield>
    <subfield code="h">eng</subfield>
  </datafield>
  <datafield tag="082" ind1="0" ind2="4">
    <subfield code="a">530.01</subfield>
    <subfield code="b">H18u</subfield>
    <subfield code="2">22</subfield>
  </datafield>
  <datafield tag="100" ind1=" " ind2=" ">
    <subfield code="a">Hawking Stephen William</subfield>
    <subfield code="d">1942-2018</subfield>
    <subfield code="e">aut</subfield>
    <subfield code="9">64978</subfield>
  </datafield>
  <datafield tag="245" ind1="1" ind2="3">
    <subfield code="a">El universo en una c&#xE1;scara de nuez /</subfield>
    <subfield code="c">Stephen Hawking ; traducci&#xF3;n de David Jou i Mirabet.</subfield>
  </datafield>
  <datafield tag="250" ind1=" " ind2=" ">
    <subfield code="a">Primera edici&#xF3;n, Sexta edici&#xF3;n. S&#xE9;ptima edici&#xF3;n</subfield>
  </datafield>
  <datafield tag="264" ind1=" " ind2="1">
    <subfield code="a">Bogot&#xE1;, Colombia :</subfield>
    <subfield code="b">Cr&#xED;tica,</subfield>
    <subfield code="c">2022</subfield>
  </datafield>
  <datafield tag="300" ind1=" " ind2=" ">
    <subfield code="a">246 p&#xE1;ginas :</subfield>
    <subfield code="b">ilustraciones, fotograf&#xED;as a blanco y negro</subfield>
  </datafield>
  <datafield tag="336" ind1=" " ind2=" ">
    <subfield code="a">texto</subfield>
    <subfield code="b">txt</subfield>
    <subfield code="2">rdacontent</subfield>
  </datafield>
  <datafield tag="337" ind1=" " ind2=" ">
    <subfield code="a">sin mediaci&#xF3;n</subfield>
    <subfield code="b">n</subfield>
    <subfield code="2">rdamedia</subfield>
  </datafield>
  <datafield tag="338" ind1=" " ind2=" ">
    <subfield code="a">volumen</subfield>
    <subfield code="b">nc</subfield>
    <subfield code="2">rdacarrier</subfield>
  </datafield>
  <datafield tag="490" ind1=" " ind2=" ">
    <subfield code="a">Booket ciencia</subfield>
    <subfield code="v">54</subfield>
  </datafield>
  <datafield tag="500" ind1=" " ind2=" ">
    <subfield code="a">El material correspondiente a la dotaci&#xF3;n PNLB 2022, la fecha de edici&#xF3;n es 2022</subfield>
  </datafield>
  <datafield tag="500" ind1=" " ind2=" ">
    <subfield code="a">Incluye &#xED;ndice onom&#xE1;stico al final del texto</subfield>
  </datafield>
  <datafield tag="505" ind1="0" ind2=" ">
    <subfield code="a">1. Breve historia de la relatividad -- 2. La forma del tiempo -- 3. El universo en una m&#xE1;scara de nuez -- 4. Prediciendo el futuro -- 5. Protegiendo el pasado -- 6. &#xBF;Ser&#xE1; nuestro futuro como Star Trek o no? -- 7. Los nuevos universos membrana</subfield>
  </datafield>
  <datafield tag="520" ind1=" " ind2=" ">
    <subfield code="a">El universo en una cascara de nuez es imprescindible para cuantos deseamos comprender el universo en que vivimos. Como ya sucedi&#xF3; con Historia del tiempo, este libro de Hawking nos ilumina y nos conmueve porque a trav&#xE9;s de su lectura experimentamos tambi&#xE9;n nosotros la misma emoci&#xF3;n que embarga a la comunidad cient&#xED;fica a medida que va arrancando al cosmos sus secretos</subfield>
  </datafield>
  <datafield tag="521" ind1=" " ind2=" ">
    <subfield code="a">Recomendado para un p&#xFA;blico adulto</subfield>
  </datafield>
  <datafield tag="534" ind1=" " ind2=" ">
    <subfield code="t">The universe in a nutshell</subfield>
  </datafield>
  <datafield tag="545" ind1=" " ind2=" ">
    <subfield code="a">Incluye datos biogr&#xE1;ficos del autor al inicio y en contra caratula del texto</subfield>
  </datafield>
  <datafield tag="600" ind1=" " ind2="0">
    <subfield code="a">Hawking Stephen William</subfield>
    <subfield code="d">1942-2018</subfield>
    <subfield code="t">El universo en una c&#xE1;scara de nuez</subfield>
    <subfield code="x">Critica e interpretaci&#xF3;n</subfield>
    <subfield code="9">65757</subfield>
  </datafield>
  <datafield tag="650" ind1="0" ind2="7">
    <subfield code="a">Espacio y tiempo</subfield>
    <subfield code="2">lemb</subfield>
    <subfield code="9">27113</subfield>
  </datafield>
  <datafield tag="650" ind1="0" ind2="7">
    <subfield code="a">Relatividad (f&#xED;sica)</subfield>
    <subfield code="2">lemb</subfield>
    <subfield code="9">7241</subfield>
  </datafield>
  <datafield tag="650" ind1="0" ind2="7">
    <subfield code="a">Teor&#xED;a cu&#xE1;ntica</subfield>
    <subfield code="2">lemb</subfield>
    <subfield code="9">65758</subfield>
  </datafield>
  <datafield tag="650" ind1="0" ind2="7">
    <subfield code="a">F&#xED;sica</subfield>
    <subfield code="2">LEMB</subfield>
    <subfield code="9">10460</subfield>
  </datafield>
  <datafield tag="700" ind1=" " ind2=" ">
    <subfield code="a">Jou, David</subfield>
    <subfield code="e">trl</subfield>
    <subfield code="9">65759</subfield>
  </datafield>
  <datafield tag="942" ind1=" " ind2=" ">
    <subfield code="2">ddc</subfield>
    <subfield code="c">BK</subfield>
  </datafield>
  <datafield tag="999" ind1=" " ind2=" ">
    <subfield code="c">59500</subfield>
    <subfield code="d">59500</subfield>
  </datafield>
  <datafield tag="952" ind1=" " ind2=" ">
    <subfield code="0">0</subfield>
    <subfield code="1">0</subfield>
    <subfield code="2">ddc</subfield>
    <subfield code="4">0</subfield>
    <subfield code="7">0</subfield>
    <subfield code="8">GEN</subfield>
    <subfield code="a">MEMAPJGA</subfield>
    <subfield code="b">MEMAPJGA</subfield>
    <subfield code="c">GEN</subfield>
    <subfield code="d">2025-10-21</subfield>
    <subfield code="l">0</subfield>
    <subfield code="o">530.01 H18u</subfield>
    <subfield code="p">MPJG00766</subfield>
    <subfield code="r">2025-10-21 21:32:23</subfield>
    <subfield code="t">Ej.1</subfield>
    <subfield code="w">2025-10-21</subfield>
    <subfield code="y">BK</subfield>
  </datafield>
</record>
